History Quiz

Random History Quiz

Cause of Death: Tudors Quiz Stats

 Plays Quiz not verified by Sporcle

Challenge
Share
Tweet
Embed
Score 0/10 Timer 02:00
0 Plays Today
% Correct
Childbirth (1537)
91.9%
Beheaded with a Sword (1536)
83.3%
Beheaded with an Axe (1542)
73.3%
Heart Failure (1547)
71.5%
Tuberculosis (1553)
70.1%
Suspected Blood Poisoning (1603)
68.8%
Tuberculosis (1509)
65.2%
Beheaded (1540)
63.8%
Cancer (1536)
62.7%
Old Age (1530)
50.9%

You're not logged in!

Compare scores with friends on all Sporcle quizzes.
Join for Free
OR
Log In

You Might Also Like...

Show Comments

Extras

Created Mar 15, 2017ReportNominate
Tags:british, English History, tudor

Top Quizzes Today


Score Distribution

Your Account Isn't Verified!

In order to create a playlist on Sporcle, you need to verify the email address you used during registration. Go to your Sporcle Settings to finish the process.

Report this User

Report this user for behavior that violates our Community Guidelines.

Details: